The alchemist / (Record no. 4147)
[ view plain ]
| 000 -LEADER | |
|---|---|
| fixed length control field | 00482nam a2200181 4500 |
| 001 - CONTROL NUMBER | |
| control field | 4974 |
| 005 - DATE AND TIME OF LATEST TRANSACTION | |
| control field | 20181127174525.0 |
| 020 00 - INTERNATIONAL STANDARD BOOK NUMBER | |
| International Standard Book Number | 8175810890 |
| 090 00 - LOCALLY ASSIGNED LC-TYPE CALL NUMBER (OCLC); LOCAL CALL NUMBER (RLIN) | |
| Classification number (OCLC) (R) ; Classification number, CALL (RLIN) (NR) | 822.3 J81a 2010 |
| 100 00 - MAIN ENTRY--PERSONAL NAME | |
| Personal name | Jonson, Ben. |
| 245 00 - TITLE STATEMENT | |
| Title | The alchemist / |
| Remainder of title | |
| Statement of responsibility, etc. | Ben Jonson. |
| Medium | |
| 260 00 - PUBLICATION, DISTRIBUTION, ETC. | |
| Place of publication, distribution, etc. | New Delhi : |
| Name of publisher, distributor, etc. | Rama Brothers India Pvt. Ltd. |
| Date of publication, distribution, etc. | 2010. |
| 300 00 - PHYSICAL DESCRIPTION | |
| Extent | x, 515 p. : 15 cm. |
| 650 ## - SUBJECT ADDED ENTRY--TOPICAL TERM | |
| Topical term or geographic name entry element | English drama. |
| Form subdivision | |
| General subdivision | |
| Chronological subdivision | |
| Geographic subdivision | |
| Source of heading or term | |
| Topical term or geographic name entry element | Alchemists. |
| General subdivision | |
| Topical term or geographic name entry element | City and town life. |
| General subdivision | |
| Topical term or geographic name entry element | England --London. |
| General subdivision | |
| Withdrawn status | Lost status | Source of classification or shelving scheme | Damaged status | Not for loan | Collection code | Home library | Current library | Shelving location | Date acquired | Serial Enumeration / chronology | Inventory number | Total Checkouts | Total Renewals | Full call number | Barcode | Date last seen | Date last checked out | Price effective from | Koha item type |
|---|---|---|---|---|---|---|---|---|---|---|---|---|---|---|---|---|---|---|---|
| Dewey Decimal Classification | Main TEST | RTC Library | RTC Library | Main opac | 30/07/2022 | 8152 | 7 | 7 | 822.3 JON | 30007825 | 02/10/2024 | 11/09/2024 | 27/11/2018 | Main |